Schnelle Mathematik - Multiplikation im Hexadezimalsystem Level 02 - Statistiken

Allgemein
  • Dieses Quiz wurde 135 mal gespielt
  • Das Durchschnittsergebnis liegt bei 17 aus 20
Antwortstatistiken
Frage Antwort % Korrekt
3⋅3 9
100%
0⋅1 0
95%
0⋅3 0
95%
0⋅0 0
94%
2⋅2 4
94%
2⋅1 2
91%
1⋅1 1
90%
4⋅1 4
90%
2⋅3 6
90%
2⋅4 8
90%
4⋅2 8
90%
0⋅2 0
89%
0⋅4 0
89%
2⋅0 0
89%
1⋅2 2
89%
4⋅0 0
88%
3⋅1 3
88%
1⋅0 0
86%
3⋅0 0
86%
3⋅2 6
85%
1⋅3 3
84%
1⋅4 4
84%
3⋅4 C
48%
4⋅4 10
47%
4⋅3 C
31%
Keine übereinstimmenden Quizze gefunden
Verteilung der Resultate
Anzahl Personen mit jedem Resultat
Perzentil nach korrekt beantworteten Fragen
Ihre Resultats-Entwicklung
Sie haben dieses Quiz noch nicht gespielt